[Event "NED-ch op-B"]
[Site "Borne"]
[Date "2019.08.09"]
[Round "4"]
[White "Jansen, Lein"]
[Black "Gang, Kevin"]
[Result "0-1"]
[WhiteElo "390"]
[BlackElo "827"]
[PlyCount "98"]
[EventDate "2019.08.05"]
[EventType "swiss"]
[EventRounds "9"]
[EventCountry "NED"]
[SourceTitle "EXT 2020"]
[Source "ChessBase"]
[SourceDate "2019.10.17"]
[SourceVersion "1"]
[SourceVersionDate "2019.10.17"]
[SourceQuality "1"]

1. d4 d5 2. Nc3 c5 3. dxc5 Nf6 4. e4 d4 5. Nd5 Nxd5 6. exd5 Qxd5 7. Bb5+ Nc6 8. Nf3 e5 9. Bxc6+ bxc6 10. Be3 dxe3 11. fxe3 Qe4 12. Qd2 Bxc5 13. 0-0-0 Bxe3 14. Qxe3 Qxe3+ 15. Rd2 0-0 16. Re1 Qf4 17. Kd1 Bg4 18. h3 Bxf3+ 19. gxf3 Rad8 20. Ree2 Rxd2+ 21. Rxd2 g5 22. a4 Qxf3+ 23. Kc1 Qxh3 24. b4 Qa3+ 25. Kd1 Qxa4 26. Rg2 Rd8+ 27. Rd2 Qa1+ 28. Ke2 Rxd2+ 29. Kxd2 f5 30. Ke2 f4 31. Kf2 e4 32. Kg2 g4 33. Kf2 f3 34. Kg3 e3 35. Kxg4 f2 36. Kf3 h5 37. Kxe3 h4 38. Kxf2 h3 39. Kg3 a5 40. bxa5 Qxa5 41. Kxh3 Qg5 42. c4 Kf7 43. c5 Ke6 44. Kh2 Ke5 45. Kh1 Kf4 46. Kh2 Qg4 47. Kh1 Kf3 48. Kh2 Qg3+ 49. Kh1 Qg2# 0-1

[Event "NED-ch op-A"]
[Site "Borne"]
[Date "2019.08.06"]
[Round "5"]
[White "Rooijakkers, Liam"]
[Black "Gang, Kevin"]
[Result "1-0"]
[WhiteElo "680"]
[BlackElo "827"]
[PlyCount "69"]
[EventDate "2019.08.05"]
[EventType "swiss"]
[EventRounds "9"]
[EventCountry "NED"]
[SourceTitle "EXT 2020"]
[Source "ChessBase"]
[SourceDate "2019.10.17"]
[SourceVersion "1"]
[SourceVersionDate "2019.10.17"]
[SourceQuality "1"]

1. e4 e5 2. Nc3 Nc6 3. f4 Bb4 4. Nf3 Nd4 5. Nxe5 d6 6. Nf3 Bg4 7. Be2 Bxf3 8. Bxf3 Qh4+ 9. g3 Qe7 10. a3 Bxc3 11. bxc3 Nc6 12. 0-0 Nf6 13. d3 0-0 14. Re1 Rfe8 15. d4 d5 16. e5 Nd7 17. Bxd5 Nf6 18. Bc4 g6 19. Bd2 Nd7 20. e6 fxe6 21. Rxe6 Qxe6 22. Bxe6+ Rxe6 23. Qg4 Rae8 24. d5 Nf6 25. Qf3 Rd6 26. dxc6 Rxd2 27. cxb7 Rb8 28. Qc6 Nd5 29. c4 Rxc2 30. Qxd5+ Kg7 31. Qd7+ Kf6 32. Qxc7 Rxb7 33. Qc6+ Kf5 34. Qxb7 Rxc4 35. Qb5+ 1-0